Largest companies in the world producing... - Statistics

General Stats
  • This quiz has been taken 34 times
    25 since last reset
  • The average score is 15 of 101
Answer Stats
Product Largest Company Country with largest production % Correct
Crude Oil Aramco (Saudi Arabia) United States
80%
Aircrafts Airbus (France/Netherlands) France
70%
Natural Gas Gazprom (Russia) United States
70%
Sulfur Gazprom (Russia) China
70%
Cars (incl EV) Toyota (Japan) China
70%
Plastic ExxonMobil Chemical (USA) China
50%
Furniture IKEA (Sweden) China
50%
Semiconductors TSMC (Taiwan) Taiwan
50%
Cobalt Glencore (Switzerland) Democratic Republic of the Congo
40%
Chromium Glencore (Switzerland) South Africa
40%
Pharmaceuticals Pfizer (USA) United States
40%
Hydrogen Air Liquide (France) China
30%
Tyres Bridgestone (Japan) China
30%
Corn Cargill (USA) United States
30%
Rapeseed (canola) oil Cargill (USA) Canada
30%
Cotton Cargill (USA) India
30%
Toabcco China Tobacco (China) China
30%
Diamond (value) De Beers (UK) Botswana
30%
Ships Hyundai Heavy Industries (South Korea) China
30%
Coffee Nestlé (Switzerland) Brazil
30%
Fresh water Nestlé Waters (Switzerland) Brazil
30%
Biofuel POET (USA) United States
30%
Tea Unilever (UK/Netherlands) China
30%
Nickel Vale (Brazil) Indonesia
30%
Iron Vale (Brazil) Australia
30%
Nitrogen CF Industries (USA) China
20%
Urea CF Industries (USA) India
20%
Milk Dairy Farmers of America (USA) India
20%
Fruits Dole (USA) China
20%
Hemp Hemp (USA) China
20%
Cardboard International Paper (USA) China
20%
Paper International Paper (USA) China
20%
Bauxite Rio Tinto (UK/Australia) Guinea
20%
Wind turbines Vestas (Denmark) China
20%
Biodiesel Wilmar (Singapore) Indonesia
20%
Palm oil Wilmar (Singapore) Indonesia
20%
Peanut oil Wilmar (Singapore) China
20%
Platinum Anglo American Platinum (South Africa) South Africa
10%
Wheat Archer Daniels Midland (USA) China
10%
Soybeans Bunge (USA) Brazil
10%
Soybean oil Bunge (USA) China
10%
Niobium CBMM (Brazil) Brazil
10%
Molybdenum China Molybdenum Co. (CMOC) (China) China
10%
Salt China National Salt Industry Corporation (CNSIC) China
10%
Rare Earths Metals China Northern Rare Earth (China) China
10%
Coal Coal India (India) China
10%
Banknotes De La Rue (UK) United Kingdom
10%
Olive oil Deoleo (Spain) Spain
10%
Limestone HeidelbergCement (Germany) China
10%
Beef JBS (Brazil) United States
10%
Uranium Kazatomprom (Kazakhstan) Kazakhstan
10%
Leather LVMH Louis Vuitton (France) China
10%
Spices McCormick & Company (USA) India
10%
Potassium Nutrien (Canada) Canada
10%
Phosphorus OCP (Morocco) China
10%
Glass Saint-Gobain (France) China
10%
Lard Smithfield (USA) China
10%
Quartz The Quartz (Norway/USA) China
10%
Ammonia TogliattiAzot (Russia) Russia
10%
Poultry Tyson Foods (USA) United States
10%
Wood Weyerhaeuser (USA) United States
10%
Hydropower Yangtze Power (China) China
10%
Lithium Albemarle (USA) Australia
0%
Diamond (volume) ALROSA (Russia) Russia
0%
Wool Australian Wool Innovation (Australia) Australia
0%
Steel Baowu (China) China
0%
Cocoa Barry Callebaut (Switzerland) Ivory Coast
0%
Vegetables Bonduelle (France) China
0%
Eggs Cal-Maine (USA) China
0%
Honey Capilano Honey (Australia) China
0%
Sand CEMEX (Mexico) United States
0%
Copper Codelco (Chile) Chile
0%
Wine (grapes) E. & J. Gallo Winery (USA) Italy
0%
Butter Fonterra (New Zealand) United States
0%
Silver Fresnillo (Mexico) Mexico
0%
Emerald Gemfields (UK) Colombia
0%
Ruby Gemfields (UK) Myanmar
0%
Sapphire Gemfields (UK) Madagascar
0%
Tantalum Global Advanced Metals (Australia) Democratic Republic of the Congo
0%
Jute Gloster (India) India
0%
Aluminum Hongqiao (China) China
0%
Sunflower oil Kernel (Ukraine) Russia
0%
Cheese Lactalis (France) United States
0%
Cement LafargeHolcim (Switzerland) China
0%
Marble Levantina (Spain) Italy
0%
Solar panels LONGi (China) China
0%
Saffron Mehr Saffron (Iran) Iran
0%
Ceramics Mohawk (USA) China
0%
Fish Mowi (Norway) China
0%
Gold Newmont (USA) China
0%
Vanilla Nielsen-Massey Vanillas (USA) Madagascar
0%
Chlorine Olin (USA) China
0%
Silk Sichuan Nanchong Liuhe (China) China
0%
Rubber Sri Trang (Thailand) Thailand
0%
Sugar Südzucker (Germany) Brazil
0%
Graphite Syrah Resources (Australia) China
0%
Shrimp Thai Union (Thailand) India
0%
Tuna Thai Union (Thailand) Indonesia
0%
Gypsum USG (USA) China
0%
Rice Vinafood (Vietnam) China
0%
Pork WH Group (China) China
0%
No matching quizzes found
Score Distribution
Percent of People with Each Score
Percentile by Number Answered
Your Score History
You have not taken this quiz since the last reset